| 000 | 01001nam a2200301Ia 4500 | ||
|---|---|---|---|
| 000 | nam a22 i 4500 | ||
| 001 | UNACH-2595 | ||
| 007 | ta | ||
| 008 | 221212s ||||fr|||| 00| | spa d | ||
| 020 | _a978-9978-17-312-1 | ||
| 041 | 0 | _aspa | |
| 082 | 0 | 4 |
_a345 _bDerecho Penal |
| 100 | 1 |
_aVaca Nieto, Patricio Ricardo, _eautor |
|
| 245 | 1 | 0 | _aPráctica penal juicio oral. |
| 264 | 3 | 1 |
_a[Quito] : _aEcuador : _bEditorial Jurídica del Ecuador, _c2012 |
| 300 |
_a197 páginas : _bilustraciones |
||
| 336 |
_atexto _btxt _2rdacontent |
||
| 337 |
_ano mediado _bn _2rdamedia |
||
| 338 |
_avolumen _bnc _2rdacarrier |
||
| 504 | _aIncluye: bibliografía. | ||
| 505 | 0 | _aLa oralidad.-- El fiscal investigador.-- Rol de fiscal en las etapas de instrucción e intermedia.-- Etapa del juicio.-- La prueba penal.-- La prueba en el juicio penal. | |
| 650 | 1 | 4 | _aJURISDICCION INDIGENA |
| 650 | 2 | 4 | _aDELIBERACION |
| 650 | 2 | 4 | _aPRUEBA PENAL |
| 653 | 0 | _aDerecho Penal | |
| 942 |
_2ddc _c1 _n0 |
||
| 999 |
_c2217 _d2217 |
||